| 000 | 00991nas a2200289 i 4500 | ||
|---|---|---|---|
| 001 | 186573 | ||
| 003 | ES-MaACL | ||
| 005 | 20250217134921.0 | ||
| 007 | t| | ||
| 008 | 161130u1960 sp a| m l| |spa d | ||
| 080 | _a94(460.313 Benetússer) | ||
| 080 | _a908.460.313 Benetússer | ||
| 245 | 0 | 0 |
_aEfemérides y datos históricos de Benetúser _b: memoria del año_ / _cpor Vicente Ricart y Bonillo. |
| 246 | 3 | _aEfemérides y datos históricos de Benetússer | |
| 260 |
_aBenetúser [Valencia] : _bAyuntamiento de Benetúser, _c[1960- ] |
||
| 300 |
_a7 v. ; _c25 cm. |
||
| 310 | _aAnual | ||
| 590 | 0 | _a1959. | |
| 594 | _aRedactor: Vicente Ricart y Bonillo. | ||
| 651 | 4 |
_aBenetússer- _xHistoria. _9161378 |
|
| 651 | 4 |
_aBenetússer- _xDescripción. _9174900 |
|
| 700 | 1 |
_aRicart y Bonillo, Vicente. _996867 |
|
| 710 | 1 |
_aBenetússer. _bAyuntamiento. _9161379 |
|
| 852 | 4 |
_aES-MaACL _j2333-F-1-7 |
|
| 866 | 0 | _o1959, 1960, 1962, 1963, 1964, 1966, 1972 | |
| 999 |
_c186573 _d186573 |
||